| Tag |
First Indicator |
Second Indicator |
Subfields |
| LEADER |
00000cam a2200000 a 4500 |
| 001 |
in00000074077 |
| 005 |
20151008060152.0 |
| 008 |
790507s1978 nyua b 00000 eng d |
| 010 |
|
|
|a 78057215
|
| 020 |
|
|
|a 093058614X
|
| 035 |
|
|
|a (OCoLC)04936513
|
| 035 |
|
|
|9 AAJ5239AM
|
| 040 |
|
|
|a VZS
|c VZS
|d m.c.
|d TXA
|d UtOrBLW
|
| 049 |
|
|
|a TXAM
|c [1481909]
|
| 090 |
|
|
|a P325
|b .S4
|
| 245 |
0 |
0 |
|a Semantics and grammatical theory /
|c contributors, Michael Brame [and others].
|
| 264 |
|
1 |
|a Flushing N. Y. :
|b Haven Pub.,
|c [1978]
|
| 264 |
|
4 |
|c ©1978
|
| 300 |
|
|
|a 102 pages :
|b illustrations ;
|c 23 cm.
|
| 336 |
|
|
|a text
|b txt
|2 rdacontent
|
| 337 |
|
|
|a unmediated
|b n
|2 rdamedia
|
| 338 |
|
|
|a volume
|b nc
|2 rdacarrier
|
| 490 |
1 |
|
|a Semantical theory and grammar ;
|v v. 1
|
| 504 |
|
|
|a Includes bibliographies.
|
| 650 |
|
0 |
|a Semantics.
|
| 650 |
|
0 |
|a Generative grammar.
|
| 650 |
|
0 |
|a Grammar, Comparative and general
|x Syntax.
|
| 700 |
1 |
|
|a Brame, Michael K.,
|d 1944-2010.
|
| 830 |
|
0 |
|a Semantical theory and grammar ;
|v v. 1.
|
| 999 |
|
|
|a MARS
|
| 999 |
f |
f |
|s e990c778-10e8-38b1-8b9f-d9ed41bb1295
|i daeffa36-128a-36b4-9fdf-edaf00932590
|t 0
|
| 952 |
f |
f |
|p ric
|a Texas A&M University
|b Rellis Campus
|c Joint Library Facility
|s JLF
|d Remote Storage
|t 0
|e P325 .S4
|h Library of Congress classification
|i unmediated -- volume
|m A14806172527
|
| 998 |
f |
f |
|a P325 .S4
|t 0
|l Remote Storage
|